The world book dictionary; vol. 1. (Record no. 958)

000 -LEADER
fixed length control field 00784nam a2200217 a 4500
001 - CONTROL NUMBER
control field :::00014137$&:&@@
003 - CONTROL NUMBER IDENTIFIER
control field OkBaRHE
005 - DATE AND TIME OF LATEST TRANSACTION
control field 20100325145726.0
008 - FIXED-LENGTH DATA ELEMENTS--GENERAL INFORMATION
fixed length control field s1987 j 000 0 eng u
020 ## - INTERNATIONAL STANDARD BOOK NUMBER
International Standard Book Number 0716602873 (set)
040 ## - CATALOGING SOURCE
Transcribing agency
100 1# - MAIN ENTRY--PERSONAL NAME
Personal name Barnhart, Clarence L., 1900- ,
245 14 - TITLE STATEMENT
Title The world book dictionary; vol. 1.
Statement of responsibility, etc Prepared in cooperation with World Book, Inc.
260 ## - PUBLICATION, DISTRIBUTION, ETC. (IMPRINT)
Place of publication, distribution, etc Chicago, IL., :
Name of publisher, distributor, etc Published exclusively for World Book, Inc.
Date of publication, distribution, etc 1987
300 ## - PHYSICAL DESCRIPTION
Extent v. (1-2) : illus. ;
Dimensions 29 cm.
650 ## - SUBJECT ADDED ENTRY--TOPICAL TERM
Topical term or geographic name as entry element English Language
General subdivision Dictionaries
700 ## - ADDED ENTRY--PERSONAL NAME
Personal name Barnhart, Robert K., Joint ed.
700 ## - ADDED ENTRY--PERSONAL NAME
Personal name World Book, Inc.
942 ## - ADDED ENTRY ELEMENTS (KOHA)
Source of classification or shelving scheme
Koha item type Books
Copies
Withdrawn status Copy number Lost status Price effective from Collection code Shelving location Date last seen Barcode Damaged status Koha item type Full call number Not for loan Permanent Location Date acquired Source of classification or shelving scheme
 1 2010-04-14ReferenceGeneral Stacks2010-04-1414137 BooksPE 1625 .W73 V.1 1987 RHEMA Bible Training College2010-04-14